All is by god's grace: The autobiography of professor grace Nzelibe (Record no. 3840)

MARC details
000 -LEADER
fixed length control field 00384nam a22001337a 4500
008 - FIXED-LENGTH DATA ELEMENTS--GENERAL INFORMATION
fixed length control field 250610b |||||||| |||| 00| 0 eng d978978
020 ## - INTERNATIONAL STANDARD BOOK NUMBER
ISBN 9789785608038
100 ## - MAIN ENTRY--AUTHOR
Author Nzelibe Grace
245 ## - TITLE STATEMENT
Title All is by god's grace: The autobiography of professor grace Nzelibe
260 ## - PUBLICATION, DISTRIBUTION, ETC. (IMPRINT)
Place of publication Abuja
Name of publisher University of Abuja press
Date of publication 2022
300 ## - COLLATION
Pagination 350p
942 ## - ADDED ENTRY ELEMENTS (KOHA)
Item type Books
050 ## - LIBRARY OF CONGRESS CALL NUMBER
Classification number BT 761.3
Item number .N 94
Holdings
Source of classification or shelving scheme Not for loan Permanent location Current location Date acquired Accession No. Full call number Barcode. Koha item type
Library of Congress Classification   Samuel Ogbemudia Main Library, University of Abuja Samuel Ogbemudia Main Library, University of Abuja 06/10/2025 2023/61181 BT 761.3 .N 94 2025-2485 Books
Library of Congress Classification   Samuel Ogbemudia Main Library, University of Abuja Samuel Ogbemudia Main Library, University of Abuja 06/10/2025 2023/61181 BT 761.3 .N 94 2025-2486 Books